| 000 | 00581nam a2200193Ia 4500 | ||
|---|---|---|---|
| 005 | 20250326145101.0 | ||
| 008 | 250326s9999 xx 000 0 und d | ||
| 037 | _aTextbook | ||
| 040 |
_aFMSL _beng _cFMSL |
||
| 041 |
_aeng _2eng |
||
| 084 |
_aT:3(X:8) P8 _qFMSL |
||
| 100 | _aJohnson D | ||
| 245 | 0 |
_aTeaching: professionalization, development and leadership _cJohnson D; Maclean R |
|
| 260 |
_aUnited Kingdom _bUnited Kingdom, Springer _c2008 |
||
| 365 | _b7489.5029999999997 | ||
| 650 | _aManagement | ||
| 942 |
_cTB _hT:3(X:8) P8 |
||
| 999 |
_c1306313 _d1306313 |
||